<?xml version="1.0" encoding="UTF-8"?>
<record
    xmlns:xsi="http://www.w3.org/2001/XMLSchema-instance"
    xsi:schemaLocation="http://www.loc.gov/MARC21/slim http://www.loc.gov/standards/marcxml/schema/MARC21slim.xsd"
    xmlns="http://www.loc.gov/MARC21/slim">

  <leader>02053nam a22002777a 4500</leader>
  <controlfield tag="001">1508</controlfield>
  <controlfield tag="005">20250530113401.0</controlfield>
  <datafield tag="020" ind1=" " ind2=" ">
    <subfield code="a">9789995054472</subfield>
  </datafield>
  <datafield tag="040" ind1=" " ind2=" ">
    <subfield code="a">FISKH </subfield>
    <subfield code="b">eng</subfield>
    <subfield code="c">FISKH </subfield>
    <subfield code="d">FISKH </subfield>
  </datafield>
  <datafield tag="082" ind1=" " ind2=" ">
    <subfield code="a">959.6</subfield>
  </datafield>
  <datafield tag="100" ind1=" " ind2=" ">
    <subfield code="a">Brunon, Paul </subfield>
  </datafield>
  <datafield tag="245" ind1=" " ind2=" ">
    <subfield code="a">&#x1787;&#x1793;&#x1787;&#x17B6;&#x178F;&#x17B7;&#x1781;&#x17D2;&#x1798;&#x17C2;&#x179A; / </subfield>
    <subfield code="b">&#x179F;.&#x179C;.&#x1791;&#x17B8;&#x17E1;-&#x179F;.&#x179C;.&#x1791;&#x17B8;.&#x17E1;&#x17E5; </subfield>
    <subfield code="c">&#x1793;&#x17B7;&#x1796;&#x1793;&#x17D2;&#x1792;&#x178A;&#x17C4;&#x1799; Paul Brunon &#x1793;&#x17B7;&#x1784; &#x179F;&#x17CA;&#x17BB;&#x1793;&#x17A0;&#x17C1;&#x1784; &#x1798;&#x17C9;&#x17C1;&#x1784;&#x1788;&#x17B6;&#x1784; </subfield>
  </datafield>
  <datafield tag="250" ind1=" " ind2=" ">
    <subfield code="a">&#x1794;&#x17C4;&#x17C7;&#x1796;&#x17BB;&#x1798;&#x17D2;&#x1796;&#x179B;&#x17BE;&#x1780;&#x1791;&#x17B8;&#x17E1;&#x17E1; &#x179F;&#x17B8;&#x17A0;&#x17B6; &#x17E2;&#x17E0;&#x17E2;&#x17E2;</subfield>
  </datafield>
  <datafield tag="260" ind1=" " ind2=" ">
    <subfield code="a">Phnom Penh : </subfield>
    <subfield code="b">Sipar, </subfield>
    <subfield code="c">2022.</subfield>
  </datafield>
  <datafield tag="300" ind1=" " ind2=" ">
    <subfield code="a">40 pages : </subfield>
    <subfield code="b">color illustrations ; </subfield>
    <subfield code="c">20 cm</subfield>
  </datafield>
  <datafield tag="490" ind1=" " ind2=" ">
    <subfield code="a">&#x1781;&#x17D2;&#x1789;&#x17BB;&#x17C6;&#x1785;&#x1784;&#x17CB;&#x178A;&#x17B9;&#x1784;</subfield>
  </datafield>
  <datafield tag="505" ind1=" " ind2=" ">
    <subfield code="a">Z'
</subfield>
  </datafield>
  <datafield tag="520" ind1=" " ind2=" ">
    <subfield code="a">&#x1787;&#x1793;&#x1787;&#x17B6;&#x178F;&#x17B7;&#x1781;&#x17D2;&#x1798;&#x17C2;&#x179A;&#x1797;&#x17B6;&#x1782; &#x17E1; &#x1785;&#x17B6;&#x1794;&#x17CB;&#x1796;&#x17B8;&#x179F;&#x178F;&#x179C;&#x178F;&#x17D2;&#x179F;&#x1791;&#x17B8; 1-15 &#x179A;&#x17C0;&#x1794;&#x179A;&#x17B6;&#x1794;&#x17CB;&#x17A2;&#x17C6;&#x1796;&#x17B8;&#x1796;&#x17D2;&#x179A;&#x17B9;&#x178F;&#x17D2;&#x178A;&#x17B7;&#x1780;&#x17B6;&#x179A;&#x178E;&#x17CD;&#x1794;&#x17D2;&#x179A;&#x179C;&#x178F;&#x17D2;&#x178F;&#x17B7;&#x179F;&#x17B6;&#x179F;&#x17D2;&#x178F;&#x17D2;&#x179A;&#x179F;&#x17C6;&#x1781;&#x17B6;&#x1793;&#x17CB;&#x17D7;&#x178A;&#x17C2;&#x179B;&#x1794;&#x17C2;&#x1784;&#x1785;&#x17C2;&#x1780;&#x178F;&#x17B6;&#x1798;&#x179A;&#x1787;&#x17D2;&#x1787;&#x1780;&#x17B6;&#x179B; &#x179F;&#x1798;&#x17D0;&#x1799;&#x1780;&#x17B6;&#x179B;&#x1796;&#x17B8;&#x178A;&#x17BE;&#x1798;&#x1794;&#x17D2;&#x179A;&#x179C;&#x178F;&#x17D2;&#x178F;&#x17B7;&#x179F;&#x17B6;&#x179F;&#x17D2;&#x179A;&#x17D2;&#x178F;&#x1793;&#x17C3;&#x1794;&#x17D2;&#x179A;&#x1791;&#x17C1;&#x179F;&#x1780;&#x1798;&#x17D2;&#x1796;&#x17BB;&#x1787;&#x17B6; (&#x179F;&#x178F;&#x179C;&#x178F;&#x17D2;&#x179F;&#x1791;&#x17B8; 1-15) &#x179A;&#x17BD;&#x1798;&#x1798;&#x17B6;&#x1793; &#x1794;&#x17D2;&#x179A;&#x179C;&#x178F;&#x17D2;&#x178F;&#x17B7;&#x179F;&#x17B6;&#x179F;&#x17D2;&#x179A;&#x17D2;&#x178F;&#x1781;&#x17D2;&#x1798;&#x17C2;&#x179A; &#x17A5;&#x178E;&#x17D2;&#x178C;&#x17B6;&#x1793;&#x17B8;&#x1799;&#x1780;&#x1798;&#x17D2;&#x1798; &#x1785;&#x1780;&#x17D2;&#x179A;&#x17B6;&#x179C;&#x17C9;&#x17B6;&#x179A;&#x17B7;&#x1793;&#x200B;&#x179F;&#x17D2;&#x1790;&#x17B6;&#x1794;&#x178F;&#x17D2;&#x1799;&#x1780;&#x179A;&#x17A2;&#x1784;&#x17D2;&#x1782;&#x179A; &#x1791;&#x17C6;&#x1793;&#x17B6;&#x1780;&#x17CB;&#x1791;&#x17C6;&#x1793;&#x1784;&#x179A;&#x179C;&#x17B6;&#x1784;&#x1794;&#x17D2;&#x179A;&#x1791;&#x17C1;&#x179F;&#x1787;&#x17B7;&#x178F;&#x1781;&#x17B6;&#x1784;&#x17D4;</subfield>
  </datafield>
  <datafield tag="520" ind1=" " ind2=" ">
    <subfield code="a">The Khmers Part 1, from 1st- 15th century describes significant historical events divided by reign, period from the early history of Cambodia (1st -15th century) including Khmer proto-history, Indianization, Chakravartin, Angkor city architect, and relationships between neighboring countries. </subfield>
  </datafield>
  <datafield tag="521" ind1=" " ind2=" ">
    <subfield code="a">1000
</subfield>
    <subfield code="b">Lexile estimate
</subfield>
  </datafield>
  <datafield tag="521" ind1=" " ind2=" ">
    <subfield code="a">Z'
</subfield>
    <subfield code="b">Raz-Plus</subfield>
  </datafield>
  <datafield tag="650" ind1=" " ind2=" ">
    <subfield code="a">&#x1794;&#x17D2;&#x179A;&#x179C;&#x178F;&#x17D2;&#x178F;&#x179F;&#x17B6;&#x179F;&#x17D2;&#x179A;&#x17D2;&#x178F; </subfield>
    <subfield code="v">&#x179A;&#x1787;&#x17D2;&#x1787;&#x1780;&#x17B6;&#x179B; </subfield>
    <subfield code="x">&#x179F;&#x17D2;&#x1790;&#x17B6;&#x1794;&#x178F;&#x17D2;&#x1799;&#x1780;&#x17BB;&#x1798;&#x17D2;&#x1798; </subfield>
  </datafield>
  <datafield tag="650" ind1=" " ind2=" ">
    <subfield code="a">History </subfield>
    <subfield code="v">Reign </subfield>
    <subfield code="x">Architect</subfield>
  </datafield>
  <datafield tag="700" ind1=" " ind2=" ">
    <subfield code="a">Mengheang, Sunheng </subfield>
    <subfield code="c">Author </subfield>
  </datafield>
  <datafield tag="942" ind1=" " ind2=" ">
    <subfield code="2">ddc</subfield>
    <subfield code="c">BK</subfield>
    <subfield code="n">0</subfield>
  </datafield>
  <datafield tag="999" ind1=" " ind2=" ">
    <subfield code="c">1508</subfield>
    <subfield code="d">1508</subfield>
  </datafield>
  <datafield tag="952" ind1=" " ind2=" ">
    <subfield code="0">0</subfield>
    <subfield code="1">0</subfield>
    <subfield code="2">ddc</subfield>
    <subfield code="4">0</subfield>
    <subfield code="7">0</subfield>
    <subfield code="8">KHMERNF</subfield>
    <subfield code="a">001</subfield>
    <subfield code="b">001</subfield>
    <subfield code="c">RHTK2</subfield>
    <subfield code="d">2023-08-31</subfield>
    <subfield code="l">0</subfield>
    <subfield code="o">BRU 959.6</subfield>
    <subfield code="p">2023-0422</subfield>
    <subfield code="r">2023-08-31 10:53:11</subfield>
    <subfield code="t">1</subfield>
    <subfield code="w">2023-08-31</subfield>
    <subfield code="y">KHB</subfield>
  </datafield>
  <datafield tag="952" ind1=" " ind2=" ">
    <subfield code="0">0</subfield>
    <subfield code="1">0</subfield>
    <subfield code="2">ddc</subfield>
    <subfield code="4">0</subfield>
    <subfield code="7">0</subfield>
    <subfield code="8">KHMERNF</subfield>
    <subfield code="a">001</subfield>
    <subfield code="b">001</subfield>
    <subfield code="c">RHTK2</subfield>
    <subfield code="d">2023-08-31</subfield>
    <subfield code="l">0</subfield>
    <subfield code="o">BRU 959.6</subfield>
    <subfield code="p">2023-0423</subfield>
    <subfield code="r">2023-08-31 10:53:20</subfield>
    <subfield code="t">2</subfield>
    <subfield code="w">2023-08-31</subfield>
    <subfield code="y">KHB</subfield>
  </datafield>
  <datafield tag="952" ind1=" " ind2=" ">
    <subfield code="0">0</subfield>
    <subfield code="1">0</subfield>
    <subfield code="2">ddc</subfield>
    <subfield code="4">0</subfield>
    <subfield code="7">0</subfield>
    <subfield code="8">KHMERNF</subfield>
    <subfield code="a">001</subfield>
    <subfield code="b">001</subfield>
    <subfield code="c">RHTK2</subfield>
    <subfield code="d">2023-08-31</subfield>
    <subfield code="l">0</subfield>
    <subfield code="o">BRU 959.6</subfield>
    <subfield code="p">FISTK03713</subfield>
    <subfield code="r">2023-10-10 09:05:31</subfield>
    <subfield code="t">3</subfield>
    <subfield code="w">2023-08-31</subfield>
    <subfield code="y">KHB</subfield>
  </datafield>
  <datafield tag="952" ind1=" " ind2=" ">
    <subfield code="0">0</subfield>
    <subfield code="1">0</subfield>
    <subfield code="2">ddc</subfield>
    <subfield code="4">0</subfield>
    <subfield code="7">0</subfield>
    <subfield code="8">KHMERNF</subfield>
    <subfield code="a">001</subfield>
    <subfield code="b">001</subfield>
    <subfield code="c">RHTK2</subfield>
    <subfield code="d">2023-08-31</subfield>
    <subfield code="l">0</subfield>
    <subfield code="o">BRU 959.6 PZ7</subfield>
    <subfield code="p">FISTK03712</subfield>
    <subfield code="r">2024-06-04 14:19:03</subfield>
    <subfield code="t">4</subfield>
    <subfield code="w">2023-08-31</subfield>
    <subfield code="y">KHB</subfield>
  </datafield>
  <datafield tag="952" ind1=" " ind2=" ">
    <subfield code="0">0</subfield>
    <subfield code="1">0</subfield>
    <subfield code="2">ddc</subfield>
    <subfield code="4">0</subfield>
    <subfield code="7">0</subfield>
    <subfield code="8">KHMERNF</subfield>
    <subfield code="a">002</subfield>
    <subfield code="b">001</subfield>
    <subfield code="c">TTP Khmer</subfield>
    <subfield code="d">2023-08-31</subfield>
    <subfield code="l">1</subfield>
    <subfield code="o">BRU 959.6 PZ7</subfield>
    <subfield code="p">FIS05064</subfield>
    <subfield code="q">2026-02-20</subfield>
    <subfield code="r">2026-02-06 16:21:36</subfield>
    <subfield code="s">2026-02-06</subfield>
    <subfield code="t">5</subfield>
    <subfield code="w">2023-08-31</subfield>
    <subfield code="y">KHB</subfield>
  </datafield>
  <datafield tag="952" ind1=" " ind2=" ">
    <subfield code="0">0</subfield>
    <subfield code="1">0</subfield>
    <subfield code="2">ddc</subfield>
    <subfield code="4">0</subfield>
    <subfield code="7">0</subfield>
    <subfield code="8">KHMERNF</subfield>
    <subfield code="a">002</subfield>
    <subfield code="b">002</subfield>
    <subfield code="c">TTP Khmer</subfield>
    <subfield code="d">2023-08-31</subfield>
    <subfield code="l">1</subfield>
    <subfield code="o">BRU 959.6 PZ7</subfield>
    <subfield code="p">FIS03657</subfield>
    <subfield code="r">2025-03-11 17:00:46</subfield>
    <subfield code="s">2025-03-11</subfield>
    <subfield code="t">6</subfield>
    <subfield code="w">2023-08-31</subfield>
    <subfield code="y">KHB</subfield>
  </datafield>
  <datafield tag="952" ind1=" " ind2=" ">
    <subfield code="0">0</subfield>
    <subfield code="1">0</subfield>
    <subfield code="2">ddc</subfield>
    <subfield code="4">0</subfield>
    <subfield code="7">0</subfield>
    <subfield code="8">KHMERNF</subfield>
    <subfield code="a">002</subfield>
    <subfield code="b">002</subfield>
    <subfield code="c">TTP Khmer</subfield>
    <subfield code="d">2023-08-31</subfield>
    <subfield code="l">1</subfield>
    <subfield code="o">BRU 959.6 PZ7</subfield>
    <subfield code="p">FIS02213</subfield>
    <subfield code="r">2025-03-11 17:01:40</subfield>
    <subfield code="s">2025-03-11</subfield>
    <subfield code="t">7</subfield>
    <subfield code="w">2023-08-31</subfield>
    <subfield code="y">KHB</subfield>
  </datafield>
  <datafield tag="952" ind1=" " ind2=" ">
    <subfield code="0">0</subfield>
    <subfield code="1">0</subfield>
    <subfield code="2">ddc</subfield>
    <subfield code="4">0</subfield>
    <subfield code="7">0</subfield>
    <subfield code="8">KHMERNF</subfield>
    <subfield code="a">002</subfield>
    <subfield code="b">001</subfield>
    <subfield code="c">TTP Khmer</subfield>
    <subfield code="d">2023-08-31</subfield>
    <subfield code="l">1</subfield>
    <subfield code="o">BRU 959.6 PZ7</subfield>
    <subfield code="p">FIS01531</subfield>
    <subfield code="r">2026-02-06 15:55:06</subfield>
    <subfield code="s">2026-01-23</subfield>
    <subfield code="t">8</subfield>
    <subfield code="w">2023-08-31</subfield>
    <subfield code="y">KHB</subfield>
  </datafield>
  <datafield tag="952" ind1=" " ind2=" ">
    <subfield code="0">0</subfield>
    <subfield code="1">0</subfield>
    <subfield code="2">ddc</subfield>
    <subfield code="4">0</subfield>
    <subfield code="7">0</subfield>
    <subfield code="8">KHMERNF</subfield>
    <subfield code="a">002</subfield>
    <subfield code="b">002</subfield>
    <subfield code="c">SKB</subfield>
    <subfield code="d">2023-08-31</subfield>
    <subfield code="l">0</subfield>
    <subfield code="o">BRU 959.6 PZ7</subfield>
    <subfield code="p">FIS03979</subfield>
    <subfield code="r">2024-09-25 15:24:36</subfield>
    <subfield code="t">9</subfield>
    <subfield code="w">2023-08-31</subfield>
    <subfield code="y">KHB</subfield>
  </datafield>
  <datafield tag="952" ind1=" " ind2=" ">
    <subfield code="0">0</subfield>
    <subfield code="1">0</subfield>
    <subfield code="2">ddc</subfield>
    <subfield code="4">0</subfield>
    <subfield code="7">0</subfield>
    <subfield code="8">KHMERNF</subfield>
    <subfield code="a">002</subfield>
    <subfield code="b">002</subfield>
    <subfield code="c">TTP Khmer</subfield>
    <subfield code="d">2023-08-31</subfield>
    <subfield code="l">1</subfield>
    <subfield code="o">BRU 959.6 PZ7</subfield>
    <subfield code="p">FIS02272</subfield>
    <subfield code="r">2025-03-11 17:02:03</subfield>
    <subfield code="s">2025-03-11</subfield>
    <subfield code="t">10</subfield>
    <subfield code="w">2023-08-31</subfield>
    <subfield code="y">KHB</subfield>
  </datafield>
  <datafield tag="952" ind1=" " ind2=" ">
    <subfield code="0">0</subfield>
    <subfield code="1">0</subfield>
    <subfield code="2">ddc</subfield>
    <subfield code="4">0</subfield>
    <subfield code="7">0</subfield>
    <subfield code="8">KHMERNF</subfield>
    <subfield code="a">002</subfield>
    <subfield code="b">002</subfield>
    <subfield code="c">SKB</subfield>
    <subfield code="d">2025-03-11</subfield>
    <subfield code="l">0</subfield>
    <subfield code="o">BRU 959.6 PZ7</subfield>
    <subfield code="p">FIS03958</subfield>
    <subfield code="r">2025-03-11 15:48:57</subfield>
    <subfield code="t">11</subfield>
    <subfield code="w">2025-03-11</subfield>
    <subfield code="y">KHB</subfield>
  </datafield>
  <datafield tag="952" ind1=" " ind2=" ">
    <subfield code="0">0</subfield>
    <subfield code="1">0</subfield>
    <subfield code="2">ddc</subfield>
    <subfield code="4">0</subfield>
    <subfield code="7">0</subfield>
    <subfield code="8">KHMERNF</subfield>
    <subfield code="a">002</subfield>
    <subfield code="b">002</subfield>
    <subfield code="c">SKB</subfield>
    <subfield code="d">2025-03-11</subfield>
    <subfield code="l">0</subfield>
    <subfield code="o">BRU 959.6 PZ7</subfield>
    <subfield code="p">FISSE02239</subfield>
    <subfield code="r">2025-03-11 15:49:24</subfield>
    <subfield code="t">12</subfield>
    <subfield code="w">2025-03-11</subfield>
    <subfield code="y">KHB</subfield>
  </datafield>
  <datafield tag="952" ind1=" " ind2=" ">
    <subfield code="0">0</subfield>
    <subfield code="1">0</subfield>
    <subfield code="2">ddc</subfield>
    <subfield code="4">0</subfield>
    <subfield code="7">0</subfield>
    <subfield code="8">KHMERNF</subfield>
    <subfield code="a">002</subfield>
    <subfield code="b">002</subfield>
    <subfield code="c">SKB</subfield>
    <subfield code="d">2025-04-02</subfield>
    <subfield code="l">0</subfield>
    <subfield code="o">BRU 959.6 PZ7</subfield>
    <subfield code="p">FIS03964</subfield>
    <subfield code="r">2025-04-02 08:59:34</subfield>
    <subfield code="t">13</subfield>
    <subfield code="w">2025-04-02</subfield>
    <subfield code="y">KHB</subfield>
  </datafield>
  <datafield tag="952" ind1=" " ind2=" ">
    <subfield code="0">0</subfield>
    <subfield code="1">0</subfield>
    <subfield code="2">ddc</subfield>
    <subfield code="4">0</subfield>
    <subfield code="7">0</subfield>
    <subfield code="8">KHMERNF</subfield>
    <subfield code="a">002</subfield>
    <subfield code="b">002</subfield>
    <subfield code="c">SKB</subfield>
    <subfield code="d">2025-04-02</subfield>
    <subfield code="l">1</subfield>
    <subfield code="o">BRU 959.6 PZ7</subfield>
    <subfield code="p">2025-0942</subfield>
    <subfield code="r">2025-11-10 10:18:02</subfield>
    <subfield code="s">2025-09-30</subfield>
    <subfield code="t">14</subfield>
    <subfield code="w">2025-04-02</subfield>
    <subfield code="y">KHB</subfield>
  </datafield>
</record>
